[Event "Let's Play Chess!"]
[Site "http://www.queenalice.com/game.php?id=95670"]
[Date "2006.8.14"]
[Round "-"]
[White "jaythecelt"]
[Black "kiwi1"]
[Result "0-1"]
[WhiteElo "976"]
[BlackElo "1032"]

1. e4 Nf6 2. d4 Nxe4 3. Bc4 d5 4. Bb5+ Bd7 5. Qh5 Bxb5 6. Nc3 e6 7. Nxb5 a6 8.
Nc3 c5 9. Be3 Nd7 10. dxc5 Ndf6 11. Qe5 Bxc5 12. Rd1 Bxe3 13. fxe3 O-O 14. Nf3
Ng4 15. Qf4 Ngf2 16. Ke2 Nxh1 17. Rxh1 f6 18. h4 e5 19. Qf5 Ng3+ 20. Kf2 Nxf5
21. h5 d4 22. exd4 Nxd4 23. Ne1 Nxc2 24. Nxc2 Qd2+ 25. Kg3 Qxc2 0-1

[Event "Challenge"]
[Site "http://www.queenalice.com/game.php?id=96564"]
[Date "2006.8.17"]
[Round "-"]
[White "jaythecelt"]
[Black "karamazowii"]
[Result "0-1"]
[WhiteElo "1100"]
[BlackElo "1251"]

1. e4 b6 2. d4 a5 3. Bb5 Ba6 4. Na3 Bxb5 5. Nxb5 c6 6. Nc3 h5 7. Bf4 g6 8. Qd3
Bh6 9. Be5 Rh7 10. Nf3 f6 11. Qc4 Qc8 12. Qxg8+ Bf8 13. Bf4 Rg7 0-1

[Event "Let's Play Chess!"]
[Site "http://www.queenalice.com/game.php?id=99013"]
[Date "2006.8.24"]
[Round "-"]
[White "jaythecelt"]
[Black "skycaptainblue"]
[Result "0-1"]
[WhiteElo "858"]
[BlackElo "1824"]

1. d4 Nf6 2. e3 d5 3. Nc3 e6 4. Bb5+ Bd7 5. Nf3 a6 6. Ba4 Bb4 7. O-O Bxc3 8. Bb3
Bb4 9. Ne5 Bd6 10. Ng4 O-O 11. e4 dxe4 12. d5 exd5 13. Bg5 Be7 14. c4 Bxg4 15.
Qd4 c5 16. Qe5 Nc6 17. Qf4 Nd4 18. Ba4 Ne2+ 19. Kh1 Nxf4 20. Bxf4 d4 21. h3 Be2
22. Rfe1 d3 23. b4 cxb4 24. c5 Bxc5 25. Rab1 Bxf2 26. Rec1 e3 27. Rxb4 d2 28.
Rcb1 Nd5 29. Rd4 Nxf4 30. Rxf4 d1=Q+ 0-1

[Event "Let's Play Chess!"]
[Site "http://www.queenalice.com/game.php?id=101533"]
[Date "2006.9.1"]
[Round "-"]
[White "jaythecelt"]
[Black "Warrior"]
[Result "0-1"]
[WhiteElo "927"]
[BlackElo "1783"]

1. Nf3 c5 2. g3 g6 3. c4 Nc6 4. Nc3 Bg7 5. Bg2 d6 6. O-O e5 7. a3 Nge7 8. d3 O-O
9. Bg5 h6 10. Bh4 g5 11. Nxg5 hxg5 12. Bxg5 f6 13. Bh4 Be6 14. e4 Ng6 15. Qh5
Nxh4 16. gxh4 Nd4 17. Rae1 Qe8 18. Qd1 Qg6 19. Re3 Qh6 20. Rg3 Qxh4 21. Ne2
Nxe2+ 22. Qxe2 Kf7 23. b4 cxb4 24. Qe1 Rh8 25. h3 bxa3 26. Qb1 b6 27. f3 Qxg3
28. Rc1 Rxh3 29. Kf1 Rh2 30. Rc2 Bh3 0-1

[Event "Let's Play Chess!"]
[Site "http://www.queenalice.com/game.php?id=103680"]
[Date "2006.9.8"]
[Round "-"]
[White "jaythecelt"]
[Black "juve_leo"]
[Result "0-1"]
[WhiteElo "927"]
[BlackElo "1556"]

1. Nf3 d5 2. g3 Nc6 3. d4 Bf5 4. Nc3 Qd7 5. Ne5 Nxe5 6. dxe5 d4 7. Nb1 O-O-O 8.
e3 dxe3 9. Bd3 exf2+ 10. Kxf2 e6 11. Re1 Qd4+ 12. Be3 Qxe5 13. Nc3 Nf6 14. Kf1
Bg4 15. Qc1 Bh3+ 16. Kg1 Bc5 17. Na4 Bd4 18. c3 Bxe3+ 19. Rxe3 Qd5 20. c4 Qg2#
0-1

[Event "Let's Play Chess!"]
[Site "http://www.queenalice.com/game.php?id=103681"]
[Date "2006.9.8"]
[Round "-"]
[White "juve_leo"]
[Black "jaythecelt"]
[Result "1-0"]
[WhiteElo "1558"]
[BlackElo "927"]

1. d4 f5 2. c4 Nf6 3. Nc3 e6 4. Nf3 d5 5. Bf4 c6 6. cxd5 cxd5 7. e3 Qa5 8. Bb5+
Nc6 9. O-O Bd7 10. Bxc6 Bxc6 11. Ne5 g5 12. Bxg5 Be7 13. a3 Rg8 14. b4 Qa6 15.
Bxf6 Bxf6 16. Qh5+ Kd8 17. b5 Qa5 18. bxc6 Qxc3 19. cxb7 Rb8 20. Qxh7 Rf8 21.
Qd7# 1-0

[Event "Let's Play Chess!"]
[Site "http://www.queenalice.com/game.php?id=103682"]
[Date "2006.9.8"]
[Round "-"]
[White "jaythecelt"]
[Black "Rika"]
[Result "0-1"]
[WhiteElo "927"]
[BlackElo "1473"]

1. e4 e5 2. Nf3 Bd6 3. d4 Nc6 4. Bc4 Qe7 5. Bg5 f6 6. Bh4 Nh6 7. Nc3 g5 8. Nd5
Qd8 9. Bg3 Bf8 10. dxe5 fxe5 11. h4 g4 12. Ng5 Na5 13. Bb5 c6 14. Bc4 Nxc4 15.
Nc3 Qf6 16. f3 Bc5 17. Qd3 Ne3 18. Bf2 Qf4 19. Bg3 Qxg3+ 20. Kd2 Qxg2+ 21. Ne2
d6 22. a3 gxf3 23. Rhg1 Nc4+ 24. Qxc4 Bxg1 25. Rxg1 Qf2 26. Nh3 Bxh3 27. Rh1 Bg4
28. Re1 O-O-O 29. Rf1 Qxe2+ 30. Kc3 b5 31. Qxc6+ Kb8 32. Ra1 Rc8 33. Kb3 Rxc6
0-1

[Event "Challenge"]
[Site "http://www.queenalice.com/game.php?id=106487"]
[Date "2006.9.15"]
[Round "-"]
[White "claudiocaire"]
[Black "jaythecelt"]
[Result "0-1"]
[WhiteElo "1508"]
[BlackElo "927"]

1. e4 e5 2. Qf3 d6 3. Bc4 Nf6 4. d3 Bg4 5. Qe3 Nc6 6. f3 Bh5 7. a4 Nd4 8. Qd2 d5
9. Bb5+ c6 10. c3 Nb3 11. Qg5 cxb5 12. Ra3 Bxa3 13. Qxg7 Ke7 14. Bg5 Rg8 15. Qh6
Bg6 16. bxa3 Qb6 17. axb5 Qxb5 18. Qh4 Qxd3 19. Qf2 Qxb1+ 20. Ke2 Rac8 21. Qxa7
Qc2+ 22. Kf1 Qxc3 23. Qxb7+ Rc7 24. Qb5 Ke6 25. Qb6+ Rc6 26. Qf2 Qa1+ 27. Qe1
Qd4 28. Ne2 Qd3 29. Kf2 Nh5 30. Nc1 Qd4+ 31. Be3 Rc2+ 32. Ne2 Qc4 33. Kg1 d4 34.
Nxd4+ Nxd4 35. h4 Nxf3+ 36. gxf3 Bxe4+ 37. Qg3 Rxg3# 0-1

[Event "Challenge"]
[Site "http://www.queenalice.com/game.php?id=106647"]
[Date "2006.9.16"]
[Round "-"]
[White "Archer"]
[Black "jaythecelt"]
[Result "1-0"]
[WhiteElo "1321"]
[BlackElo "959"]

1. Nc3 e5 2. Nf3 d6 3. d4 Nc6 4. dxe5 Be6 5. e4 Qe7 6. exd6 Qxd6 7. Bd3 Bg4 8.
Nb5 Qe6 9. Nxc7+ Kd8 10. Nxe6+ fxe6 11. Bb5+ Kc7 12. Be3 Bb4+ 13. c3 Ba5 14. b4
Rd8 15. Bf4+ e5 16. Bxe5+ Nxe5 17. Qe2 Bb6 18. O-O Nf6 19. h3 Bh5 20. g4 Bg6 21.
Nxe5 Bxe4 22. Qxe4 Nxe4 23. Rac1 h5 24. Rfe1 Nd6 25. Bd3 Rdf8 26. c4 Bxf2+ 27.
Kf1 hxg4 28. Nxg4 Bd4+ 29. Kg2 Rh4 30. Kg3 Rfh8 31. Re7+ Kd8 32. Rce1 Rxh3+ 33.
Kf4 Rf8+ 34. Kg5 Rxd3 35. c5 Rf5+ 36. Kg6 Rg3 37. cxd6 Rxg4+ 38. Kxf5 Rh4 39.
Re8+ Kd7 40. R1e6 Rh5+ 41. Kg6 Rh6+ 42. Kf7 Rxe6 43. Rxe6 b6 44. a4 Bc3 45. b5
a5 46. Re3 Bf6 47. Rd3 Kd8 48. d7 Kc7 49. Ke8 g5 50. Rf3 Bd8 51. Rc3+ Kd6 52.
Kxd8 Ke5 53. Ke7 g4 54. d8=Q Kf4 55. Rc4+ Kf3 56. Qd3+ 1-0

[Event "Challenge"]
[Site "http://www.queenalice.com/game.php?id=106944"]
[Date "2006.9.17"]
[Round "-"]
[White "marcosbratz"]
[Black "jaythecelt"]
[Result "1-0"]
[WhiteElo "1363"]
[BlackElo "927"]

1. d4 d6 2. e4 e5 3. d5 c6 4. c4 Nf6 5. Nc3 Qa5 6. Bd2 Qc5 7. f3 Be7 8. Be3 Qb4
9. Qd2 cxd5 10. exd5 Bf5 11. Nge2 Qxc4 12. b3 Qh4+ 13. Bf2 Qh5 14. Ng3 Qg4 15.
fxg4 Nxg4 16. Nxf5 Bf6 17. Nxd6+ Kf8 18. Bc5 Nd7 19. Bb4 g6 20. Nde4+ Be7 21. d6
Bh4+ 22. g3 Bd8 23. Bh3 Ngf6 24. Nxf6 Nxf6 25. d7+ Kg7 26. Nd5 Nxd7 27. Bxd7 a5
28. Bc3 Ra6 29. Bxe5+ f6 30. Bc7 Bxc7 31. Nxc7 Rb6 32. Qxa5 1-0

[Event "Challenge"]
[Site "http://www.queenalice.com/game.php?id=106947"]
[Date "2006.9.17"]
[Round "-"]
[White "marcosbratz"]
[Black "jaythecelt"]
[Result "1-0"]
[WhiteElo "1378"]
[BlackElo "927"]

1. e4 e5 2. Nf3 d6 3. d4 Bg4 4. Be2 Nf6 5. Nc3 Nc6 6. d5 Nb4 7. Bd2 c6 8. O-O
cxd5 9. Nxd5 Nxe4 10. Bxb4 Nf6 11. Ne3 Qb6 12. Nxe5 Bh5 13. a3 dxe5 14. Bc3 Bc5
15. Bxh5 g6 16. Be2 h5 17. Bxe5 Rd8 18. Qc1 Ne4 19. Bxh8 Rd2 20. Nc4 Qd8 21. Bc3
Rxe2 22. Qd1 Rxf2 23. Ba5 b6 24. Be1 Rd2+ 25. Kh1 Rxd1 26. Ra2 Nf2+ 27. Kg1 Rxe1
28. Rxe1+ Kf8 29. b4 Qd2 30. Nxd2 1-0

[Event "Challenge"]
[Site "http://www.queenalice.com/game.php?id=113764"]
[Date "2006.10.5"]
[Round "-"]
[White "jaythecelt"]
[Black "mc3"]
[Result "0-1"]
[WhiteElo "927"]
[BlackElo "1475"]

1. e4 e5 2. Nf3 Nc6 3. Nc3 Bb4 4. Bc4 Nh6 5. a3 Bxc3 6. dxc3 Ng4 7. Ng5 Nh6 8.
Qh5 O-O 9. Be3 Na5 10. Bd5 c6 11. Ba2 d5 12. O-O-O Bg4 13. Qh4 Bxd1 14. Kxd1 Qd6
15. exd5 Rad8 16. c4 cxd5 17. cxd5 Rc8 18. Ke2 Rxc2+ 19. Kd3 Rxb2 20. Ra1 Qxa3+
21. Ke4 Qa4+ 22. Bc4 Qxc4+ 23. Kf3 Qxh4 0-1

[Event "Let's Play Chess!"]
[Site "http://www.queenalice.com/game.php?id=120619"]
[Date "2006.10.24"]
[Round "-"]
[White "Cristiano_Goiaba"]
[Black "jaythecelt"]
[Result "1-0"]
[WhiteElo "1233"]
[BlackElo "957"]

1. e3 e5 2. Qf3 d5 3. Nc3 Nf6 4. Bb5+ c6 5. Bf1 Bg4 6. Qg3 d4 7. exd4 Bd6 8.
dxe5 Qe7 9. d4 Bf5 10. Be3 Nh5 11. Qf3 g6 12. exd6 Qxd6 13. O-O-O Na6 14. g4 Be6
15. gxh5 gxh5 16. Bf4 Qb4 17. Bh3 f5 18. Qxh5+ Bf7 19. Re1+ Kf8 20. Qxf5 Qxd4
21. Rd1 Qxf2 22. Rd7 Nb4 23. Qxf7# 1-0

[Event "Let's Play Chess!"]
[Site "http://www.queenalice.com/game.php?id=120627"]
[Date "2006.10.24"]
[Round "-"]
[White "jaythecelt"]
[Black "brazuka"]
[Result "0-1"]
[WhiteElo "959"]
[BlackElo "1360"]

1. e4 f5 2. Nc3 e6 3. d4 Nf6 4. Qe2 Bb4 5. exf5 Nd5 6. fxe6 dxe6 7. Bd2 Ba5 8.
Qb5+ c6 9. Qc5 b6 10. Qa3 Bb4 11. Qa4 a5 12. Bc4 b5 13. Nxb5 O-O 14. Nc3 Qf6 15.
Ne4 Qxd4 16. Nd6 Qxd2+ 17. Kf1 Rxf2# 0-1

[Event "Qualquer um!"]
[Site "http://www.queenalice.com/game.php?id=130609"]
[Date "2006.11.17"]
[Round "-"]
[White "Herivelto"]
[Black "jaythecelt"]
[Result "1-0"]
[WhiteElo "1755"]
[BlackElo "952"]

1. Nf3 Nc6 2. c4 e6 3. b3 d5 4. Bb2 Nf6 5. g3 Qd6 6. Bg2 Qb4 7. O-O Qc5 8. d3
Ng4 9. Nbd2 e5 10. Rc1 e4 11. dxe4 dxe4 12. Nxe4 Qa5 13. a4 Bc5 14. Nxc5 Qxc5
15. Bxg7 Rg8 16. Bc3 Bf5 17. Qd2 Rd8 18. Qf4 Qe7 19. Qxf5 Qxe2 20. Rfe1 1-0